| 000 | 00810cab a2200241 4500 | ||
|---|---|---|---|
| 001 | ABS56341 | ||
| 008 | 090401t1996 xxu||||| |||| 00| 0 eng d | ||
| 035 | _a(Sirsi) u22993 | ||
| 041 | _aeng | ||
| 100 | _aDenner, J. | ||
| 245 | _aContaminated land | ||
| 260 | _c1996 | ||
| 350 | _a0 | ||
| 490 |
_aWaste Planning _v(21) December 1996, 11-13(3) |
||
| 520 | _aExplains draft guidance issued under the Environment Act 1995 s57 which is aimed at identifying contaminated land problems, assessing risks, determining appropriate remediation and associated costs, and establishing who should pay. | ||
| 650 | _aCONTAMINATED LAND | ||
| 650 | _aCOSTS | ||
| 650 | _aENVIRONMENT ACT 1995 S57 | ||
| 650 | _aREMEDIATION | ||
| 690 | _aENVIRONMENTAL AND LAND CONSULTANCY | ||
| 942 | _n0 | ||
| 948 | _c04/03/1997 | ||
| 999 |
_c15414 _d15414 |
||